LEADER 01190nam a2200253 i 4500 001 000000030817 003 CaOOAMICUS 005 20251028085714.0 008 180830s18241830it u000 u ita u 040 $aSeMil$bita 100 1 $aPistolesi, Erasmo.$0(OLS)http://semarc/name/14226 245 10$aVita del sommo pontefice Pio 7. Opera di Erasmo Pistolesi. Tomo 1. [-4]. 264 1$aRoma :$bPresso Francesco Bourlié : si vende da Domenico Minù, incontro al Caravita num. 177,$c1824-1830. 300 $a4 v. ;$c8°. 600 04$aPio VII .$0(OLS)http://semarc/subject/4922 700 1 $aMinù, Domenico,$c.$0(OLS)http://semarc/name/14225 700 1 $aBourliè, Francesco,$c.$0(OLS)http://semarc/name/12489 774 0 $tTomo 1.$g1$w()234976 774 0 $tTomo 2.$g2$w()234978 774 0 $tTomo 3.$g3$w()234979 774 0 $tTomo 4.$g4$w()234977 996 $6245$aVita del sommo pontefice Pio 7. Opera di Erasmo Pistolesi. Tomo 1. [-4]$9(OLS)http://semarc/title/41938 996 $6264$aRoma :$bPresso Francesco Bourlié : si vende da Domenico Minù, incontro al Caravita num. 177$9(OLS)http://semarc/publisher/61160 LEADER 01534nam a2200289 i 4500 001 000000118144 003 CaOOAMICUS 005 20030922000000.0 008 030922s2003 it u000 u ita u 013 $a90837 040 $aSeMil$bita 100 1 $aViganò, Renata.$0(OLS)http://semarc/name/44608 245 10$aProfessionalità pedagogica e ricerca :$bindagine sui responsabili dei servizi socio-educativi per minori in Lombardia /$cRenata Viganò. 260 $aMilano :$bV&P Università,$c2003. 300 $a170 p. :$btabelle ;$c22 cm. 490 0 $aV&P Università. Pedagogia e scienze dell'educazione. Ricerche 500 $aContiene : Bibliografia. - Dono del Card. Dionigi Tettamanzi. 650 4$aEducatori - Formazione professionale - Lombardia.$0(OLS)http://semarc/subject/21966 650 4$aMinori - Assistenza - Lombardia - Inchieste.$0(OLS)http://semarc/subject/21967 650 4$aServizi sociali per minori - Dirigenti - Lombardia - Inchieste.$0(OLS)http://semarc/subject/21968 830 0$aUniversità. Pedagogia e scienze dell'educazione. Ricerche.$0(OLS)http://semarc/title/10443 850 $aSeMil 852 $aSeMil$W1$xVenegono$y1$m2Q III 124$j73465$B73465$CSeMilBibl$Z2$F76582 $81 941 1 $a5 961 $aOmaggio: Tettamanzi Card. Dionigi 996 $6245$aProfessionalità pedagogica e ricerca :$bindagine sui responsabili dei servizi socio-educativi per minori in Lombardia$9(OLS)http://semarc/title/173528 996 $6260$aMilano :$bV&P Università$9(OLS)http://semarc/publisher/32087